Los Papúes cazadores de cabezas : 167 días en la prehistoria / Tony Saulnier 167 días en la prehistoria / Tony Saulnier
Descripción Física:
298 p. : il. ; 25 cm
MARC
| LEADER | 00000nam a2200000Ia 4500 | ||
|---|---|---|---|
| 001 | 14287 | ||
| 008 | 160829s9999 xx 000 0 cat d | ||
| 080 | |a H-2-147 | ||
| 100 | |a Saulnier, Tony |9 25368 | ||
| 245 | |a Los Papúes cazadores de cabezas : |b 167 días en la prehistoria / Tony Saulnier | ||
| 260 | |a Barcelona : |b Latina, [1962] | ||
| 300 | |a 298 p. : |b il. ; |c 25 cm | ||
| 650 | |a Papús |x Vida social i costums |9 25369 | ||
| 650 | |a Nova Guinea |x Viatges |9 25370 | ||
| 901 | |a Arxiu | ||
| 942 | |n 1 | ||
| 952 | |0 0 |1 0 |4 0 |6 H2147 |7 1 |9 43582 |a Arxiu |b Arxiu |d 2016-12-01 |l 0 |o H-2-147 |p 14287 |r 2016-12-01 00:00:00 |w 2016-12-01 |y ARXIU | ||
| 999 | |c 46129 |d 46129 | ||